[Event "Challenge"]
[Site "http://www.queenalice.com/game.php?id=880297"]
[Date "2011.1.3"]
[Round "-"]
[White "Xmen"]
[Black "sivic79"]
[Result "0-1"]
[WhiteElo "1891"]
[BlackElo "2062"]

1. e4 e6 2. Nf3 d5 3. e5 a6 4. Nc3 c5 5. d3 Nc6 6. Bg5 Qc7 7. Bf4 Nge7 8. d4
cxd4 9. Nxd4 Nxd4 10. Qxd4 Nf5 11. Qd3 Bb4 12. a3 Ba5 13. g4 d4 14. b4 dxc3 15.
bxa5 Ne7 16. Rd1 Bd7 17. Bg2 Rd8 18. Be3 Qxa5 19. Bxb7 O-O 20. Qd6 Bc6 21. Qxe7
Rxd1+ 22. Kxd1 Qd5+ 23. Ke2 Qxh1 24. Bxc6 Qxc6 25. Bc5 Rc8 26. Be3 Qc4+ 27. Kf3
Qd5+ 28. Kf4 Rc4+ 29. Kg3 Qxe5+ 30. Kh3 h6 31. Qe8+ Kh7 32. Qxf7 Qe4 33. Qh5
Qf3+ 34. Kh4 Qf6+ 35. Kg3 g5 36. Kg2 Qg6 37. Qh3 Qe4+ 38. Kg3 Kg7 39. Qh5 Qxc2
40. h4 Qg6 41. hxg5 hxg5 42. Qxg5 Qxg5 43. Bxg5 c2 44. Bc1 Kg6 45. Kf3 Rd4 46.
Ke2 Rd1 47. Bb2 c1=Q 48. Bxc1 Rxc1 49. Ke3 Rc3+ 50. Kd4 Rxa3 51. f4 a5 52. Ke5
Kf7 53. g5 Re3+ 54. Kd6 a4 0-1

[Event "Challenge"]
[Site "http://www.queenalice.com/game.php?id=880298"]
[Date "2011.1.3"]
[Round "-"]
[White "Xmen"]
[Black "sivic79"]
[Result "0-1"]
[WhiteElo "1870"]
[BlackElo "2071"]

1. e4 e6 2. Nc3 c5 3. f4 a6 4. Nf3 Nc6 5. d4 cxd4 6. Nxd4 Nxd4 7. Qxd4 d6 8. e5
d5 9. Bd2 Nh6 10. Bd3 Qc7 11. Ne2 Ng4 12. Bb4 Bxb4+ 13. Qxb4 Ne3 14. Qc3 Nxg2+
15. Kd2 Qb6 16. Raf1 O-O 17. Bxh7+ Kxh7 18. Qh3+ Kg8 19. Qxg2 Qb4+ 20. Kc1 Qe4
21. Qg4 Bd7 22. Rhg1 Qh7 23. Nd4 Rfc8 24. f5 exf5 25. Nxf5 Bxf5 26. Qxf5 Qxf5
27. Rxf5 Rc7 28. Rfg5 g6 29. e6 Rac8 30. c3 fxe6 31. Rxg6+ Kf7 32. h4 d4 33.
Rg7+ Kf6 34. Rxc7 Rxc7 35. Rg3 e5 36. Kd2 Kf5 37. h5 dxc3+ 38. bxc3 Rh7 39. Rh3
Kg4 40. Re3 Rxh5 41. Kc2 Kf4 42. Re2 e4 43. c4 Kf3 44. Kd2 Rc5 45. Re3+ Kf4 46.
Rc3 Rh5 47. a4 Rh2+ 48. Ke1 e3 49. c5 Kf3 50. Kd1 Ra2 51. Kc1 Kf2 52. c6 bxc6
53. Rxc6 Rxa4 54. Rf6+ Ke1 55. Re6 e2 56. Rf6 a5 57. Rf5 Ra3 58. Rf4 a4 59. Re4
Rc3+ 60. Kb2 Rf3 61. Kc2 Kf1 0-1

[Event "Challenge"]
[Site "http://www.queenalice.com/game.php?id=881563"]
[Date "2011.1.5"]
[Round "-"]
[White "sivic79"]
[Black "Xmen"]
[Result "0-1"]
[WhiteElo "2079"]
[BlackElo "1815"]

1. d4 Nf6 2. Nf3 e6 3. a3 d5 4. Nc3 c5 5. e3 Ne4 6. Nxe4 dxe4 7. Ne5 Bd6 8. Nc4
Bc7 9. b3 b5 10. Nb2 Ba5+ 11. Bd2 Bxd2+ 12. Qxd2 Qb6 13. a4 cxd4 14. Bxb5+ Bd7
15. Nc4 Qc7 16. Qxd4 O-O 17. Qxe4 Nc6 18. O-O Rad8 19. Rad1 f5 20. Rxd7 Qxd7 21.
Bxc6 fxe4 22. Bxd7 Rxd7 23. g3 Rfd8 24. Kg2 Rd1 25. Ne5 Rxf1 26. Kxf1 Rd2 27. c4
Rb2 28. c5 Kf8 29. b4 Rxb4 30. a5 Rb5 31. a6 Ra5 32. Ke2 Rxa6 33. f4 Ra2+ 34.
Ke1 Rc2 35. Kd1 Rc3 36. Kd2 Rd3+ 37. Nxd3 exd3 38. Kxd3 Ke7 39. e4 Kd7 40. Kc4
Kc6 41. Kb4 a5+ 42. Kxa5 Kxc5 43. h4 h5 44. Ka4 Kc4 45. Ka3 g6 46. Kb2 Kd3 47.
f5 gxf5 48. exf5 exf5 49. Kc1 Ke3 50. Kd1 Kf3 51. g4 Kxg4 52. Ke2 f4 53. Kf2 f3
54. Kg1 Kg3 55. Kh1 Kxh4 56. Kg1 Kg3 57. Kh1 Kf2 58. Kh2 Ke2 59. Kg1 f2+ 0-1

[Event "Challenge"]
[Site "http://www.queenalice.com/game.php?id=881564"]
[Date "2011.1.5"]
[Round "-"]
[White "sivic79"]
[Black "Xmen"]
[Result "1-0"]
[WhiteElo "2054"]
[BlackElo "1859"]

1. e4 h6 2. d4 g5 3. h3 d5 4. e5 Bg7 5. Nc3 a6 6. Nf3 f6 7. Bd3 Be6 8. Bg6+ Kd7
9. Na4 Kc8 10. Nc5 Bd7 11. e6 Bb5 12. a4 Bc6 13. O-O b6 14. Nd3 h5 15. Bf7 Nh6
16. Bxh5 f5 17. Bxg5 Nf7 18. Bxf7 a5 19. Nfe5 Bxe5 20. Nxe5 Be8 21. Qf3 Nc6 22.
Nxc6 Bxc6 23. Qxf5 Kb7 24. c3 b5 25. axb5 Bxb5 26. Rfe1 a4 27. Qe5 Rc8 28. c4
Bc6 29. cxd5 Bxd5 30. Rxa4 Ra8 31. Rea1 Rxa4 32. Rxa4 Bc6 33. Rb4+ Ka6 34. Qe1
Bb5 35. Qa1+ Kb6 36. d5 Qxd5 37. Be3+ c5 38. b3 Kc6 39. Rxb5 Kxb5 40. Qxh8 c4
41. Qb8+ Kc6 42. Qb6# 1-0

[Event "Challenge"]
[Site "http://www.queenalice.com/game.php?id=887678"]
[Date "2011.1.18"]
[Round "-"]
[White "Ebbe"]
[Black "sivic79"]
[Result "0-1"]
[WhiteElo "1938"]
[BlackElo "2052"]

1. e4 e6 2. e5 d5 3. d4 a6 4. Nf3 c5 5. c4 cxd4 6. Nxd4 dxc4 7. Bxc4 Bc5 8. Be3
Ne7 9. O-O Bd7 10. Qg4 O-O 11. Bh6 Ng6 12. Be3 Nxe5 13. Qe2 Bxd4 14. Bxd4 Nxc4
15. Nc3 b5 16. Rad1 Qe7 17. Nd5 Qg5 18. Nc7 Bc6 19. g3 Nd7 20. Nxa8 Bxa8 21. b3
Nce5 22. f4 Qg4 23. Qxg4 Nxg4 24. h3 Ngf6 25. g4 Nd5 26. f5 e5 27. Bf2 N7f6 28.
Rde1 Re8 29. g5 Nh5 30. Kh2 f6 31. h4 Ndf4 32. gxf6 Nxf6 33. Bg3 Ng4+ 34. Kg1
Nh3# 0-1

[Event "Challenge"]
[Site "http://www.queenalice.com/game.php?id=900057"]
[Date "2011.2.13"]
[Round "-"]
[White "jbinow"]
[Black "sivic79"]
[Result "1-0"]
[WhiteElo "2021"]
[BlackElo "2012"]

1. e4 e6 2. d4 d5 3. e5 a6 4. Bd3 c5 5. c3 Nc6 6. Nf3 Bd7 7. O-O h6 8. Be3 cxd4
9. Bxd4 Nge7 10. Nbd2 Nc8 11. Nb3 Be7 12. Rc1 Nxd4 13. cxd4 O-O 14. Qe2 b5 15.
Nc5 Be8 16. b4 Nb6 17. Rc3 Nc4 18. a4 bxa4 19. Bxc4 dxc4 20. Ra1 Bb5 21. Qe3 a5
22. bxa5 Qxa5 23. Nd2 Qb6 24. Nde4 Bxc5 25. dxc5 Qc6 26. Nd6 f5 27. Nxc4 Bxc4
28. Rxc4 Ra7 29. Qd4 Rd7 30. Qf4 Rfd8 31. h4 Ra8 32. Rcxa4 Rxa4 33. Qxa4 Rc7 34.
Qxc6 Rxc6 35. Ra5 g5 36. hxg5 hxg5 37. f3 Kf7 38. Kf2 f4 39. Ke2 Kg6 40. Kd3 Kf5
41. Kd4 Rc7 42. Ra6 Rd7+ 43. Rd6 Ra7 44. c6 Ra4+ 45. Kc5 Kxe5 46. Rd2 Ra1 47. c7
Rc1+ 48. Kb6 Rb1+ 49. Kc6 Rc1+ 50. Kd7 Kf5 51. c8=Q Rxc8 52. Kxc8 e5 53. Re2 g4
54. Kd7 gxf3 55. gxf3 1-0

[Event "Challenge"]
[Site "http://www.queenalice.com/game.php?id=911829"]
[Date "2011.3.12"]
[Round "-"]
[White "pajabraba69"]
[Black "sivic79"]
[Result "0-1"]
[WhiteElo "2009"]
[BlackElo "1983"]

1. e4 e6 2. d4 d5 3. Bd3 dxe4 4. Bxe4 h6 5. Ne2 Nf6 6. Bf3 Bd6 7. g3 O-O 8. O-O
c6 9. Be3 Nd5 10. Bd2 Qf6 11. Bg2 Bd7 12. c4 Ne7 13. c5 Bc7 14. Bc3 Nd5 15. a4
Na6 16. Nd2 Nxc3 17. bxc3 Rad8 18. a5 e5 19. Qa4 Bg4 20. f3 Bf5 21. f4 exd4 22.
cxd4 Bd3 23. Bf3 Bxe2 24. Bxe2 Rxd4 25. Qc2 Nxc5 26. Nf3 Rd5 27. Bc4 Rf5 28. Ne5
Bxe5 29. fxe5 Rxf1+ 30. Rxf1 Qxe5 31. Qf2 Ne6 32. Qxa7 Qd4+ 33. Qxd4 Nxd4 34.
Rb1 Ra8 35. Rxb7 Rxa5 36. Bxf7+ Kh7 37. Bc4 Ra3 38. Rd7 Nf3+ 39. Kg2 Ne5 40. Rd4
Rc3 41. Be2 c5 42. Re4 Nc6 43. Rc4 Rxc4 44. Bxc4 Ne5 45. Be2 g5 46. h3 Kg7 47.
Kf2 Kf6 48. Ke3 Kf5 49. g4+ Ke6 50. Ke4 c4 51. Kd4 Kd6 52. Bd1 Nd3 53. Bc2 Nf4
54. Bd1 Nxh3 55. Ke3 Ke5 56. Bc2 Nf4 57. Bf5 h5 58. Bc8 h4 0-1

[Event "Challenge"]
[Site "http://www.queenalice.com/game.php?id=911831"]
[Date "2011.3.12"]
[Round "-"]
[White "sivic79"]
[Black "pajabraba69"]
[Result "1/2-1/2"]
[WhiteElo "1996"]
[BlackElo "1983"]

1. d4 Nf6 2. Nc3 g6 3. e4 d6 4. Bd3 Bg7 5. h3 O-O 6. Nf3 Bd7 7. O-O Qc8 8. Bf4
Nh5 9. Bh2 Nc6 10. d5 Ne5 11. Bxe5 dxe5 12. Ne2 Bh6 13. Nxe5 Bxh3 14. gxh3 Qxh3
15. Bc4 Nf4 16. Nxf4 Bxf4 17. Nf3 Qg4+ 18. Kh1 Qh3+ 19. Kg1 Qg4+ 20. Kh1 Qh3+
21. Kg1 1/2-1/2

[Event "Challenge"]
[Site "http://www.queenalice.com/game.php?id=913238"]
[Date "2011.3.16"]
[Round "-"]
[White "vogeleduardo"]
[Black "sivic79"]
[Result "0-1"]
[WhiteElo "1552"]
[BlackElo "1981"]

1. Nf3 e6 2. Nc3 a6 3. g3 d5 4. Bg2 Nf6 5. O-O Bc5 6. e3 Nc6 7. d4 Bd6 8. a3 O-O
9. Bh3 h6 10. b4 e5 11. Bxc8 Rxc8 12. Nh4 exd4 13. exd4 Qd7 14. Qf3 Nxd4 15. Qd3
c5 16. Bf4 Bxf4 17. gxf4 Rfe8 18. bxc5 Qg4+ 19. Ng2 Nf3+ 20. Kh1 Qh3 21. Qxf3
Qxf3 22. Na4 Ng4 23. Rad1 Rcd8 24. Rd3 Qe2 25. Rdd1 Nxf2+ 26. Kg1 Nxd1 27. Nb6
Qxc2 28. h4 Re2 29. Ne1 Qxc5+ 30. Kh1 Qxb6 31. f5 Qe3 32. Nf3 Nf2+ 33. Kg2 d4
34. f6 Ng4+ 35. Kg3 Nxf6 36. a4 Ne4+ 37. Kg4 Rg2+ 38. Kh3 Qe2 39. Nh2 Rxh2# 0-1

[Event "Let's Play Chess!"]
[Site "http://www.queenalice.com/game.php?id=940031"]
[Date "2011.5.19"]
[Round "-"]
[White "plot24"]
[Black "sivic79"]
[Result "0-1"]
[WhiteElo "1763"]
[BlackElo "2000"]

1. d4 e6 2. Bd2 d5 3. e3 Nf6 4. Bd3 Bd6 5. Nf3 Bd7 6. Nc3 O-O 7. O-O c5 8. b3
Nc6 9. dxc5 Bxc5 10. Nb5 a6 11. Nbd4 Bxd4 12. exd4 h6 13. c4 dxc4 14. bxc4 b6
15. Re1 Re8 16. Bc3 a5 17. a4 Nh5 18. d5 exd5 19. cxd5 Nb4 20. Rxe8+ Qxe8 21.
Ne5 Nf4 22. Nxd7 Qxd7 23. Bxb4 axb4 24. Bb5 Qd6 25. Qf3 Rd8 26. g3 Nh3+ 27. Kg2
Ng5 28. Qb3 Qxd5+ 29. Qxd5 Rxd5 30. Rb1 Rd4 31. f4 Ne4 32. Kh3 Nc3 33. Rc1 g6
34. Kg4 Ne4 35. Rc6 b3 36. Rxb6 b2 37. Bc6 Nf2+ 38. Kf3 Nd1 39. Be4 Rxa4 40. Bc2
Ra3+ 41. Ke2 Nc3+ 42. Kd2 b1=Q 43. Bxb1 Nxb1+ 44. Rxb1 Ra2+ 45. Ke3 Rxh2 46. Kf3
Kg7 47. Rb5 Rh1 48. Kg2 Rd1 49. Kh2 h5 50. Kh3 Rd3 51. Kh4 Kh6 52. Kh3 Rd7 53.
Kh4 f6 54. g4 hxg4 55. Kxg4 f5+ 0-1

[Event "Let's Play Chess!"]
[Site "http://www.queenalice.com/game.php?id=964304"]
[Date "2011.7.24"]
[Round "-"]
[White "adelio"]
[Black "sivic79"]
[Result "0-1"]
[WhiteElo "1627"]
[BlackElo "2007"]

1. c4 e6 2. d4 d5 3. c5 h6 4. b4 Bd7 5. e3 Nc6 6. a3 a6 7. Nf3 Nf6 8. Nc3 Be7 9.
h3 O-O 10. g4 Nh7 11. h4 Bf6 12. e4 dxe4 13. Nxe4 Be8 14. Ra2 Bxd4 15. Rd2 Nf6
16. Nxf6+ Qxf6 17. Nxd4 Nxd4 18. Rxd4 Qe5+ 19. Be2 Bc6 20. Rg1 Bf3 21. Rd3 Bc6
22. Rgg3 Qe4 23. f3 Qe5 24. Rh3 f5 25. Re3 Qf6 26. g5 hxg5 27. hxg5 Qxg5 28.
Rxe6 Qg1+ 29. Bf1 Bb5 30. Re2 Bxe2 31. Qb3+ Rf7 32. Kxe2 Re8+ 33. Be3 f4 34. Kd2
fxe3+ 35. Kc2 Qxf1 36. Qd5 Qxh3 37. Qxf7+ Kxf7 38. c6 b5 39. a4 e2 40. axb5 e1=Q
41. bxa6 Re2+ 42. Kb3 Qxf3+ 43. Ka4 Ra2+ 44. Kb5 Qd5# 0-1

[Event "hair of wolf"]
[Site "http://www.queenalice.com/game.php?id=964305"]
[Date "2011.7.24"]
[Round "-"]
[White "adelio"]
[Black "sivic79"]
[Result "0-1"]
[WhiteElo "1627"]
[BlackElo "2009"]

1. d4 e6 2. e4 d5 3. e5 c5 4. c4 cxd4 5. Qxd4 Nc6 6. Qf4 d4 7. Nf3 Bc5 8. Ng5
Qc7 9. Bd3 Qxe5+ 10. Qxe5 Nxe5 11. Bf1 Nf6 12. h3 h6 13. Nf3 Nxf3+ 14. gxf3 e5
15. Bg2 Bf5 16. Nd2 O-O 17. O-O a6 18. f4 e4 19. Nb3 Ba7 20. Kh1 Rad8 21. c5 d3
22. Be3 Nd5 23. Bd4 Nxf4 24. Rad1 Bxh3 25. Bxh3 Nxh3 26. Kh2 Ng5 27. Kh1 Nf3 28.
Bc3 Rc8 29. Bb4 Rfd8 30. a4 Ne5 31. Nd2 Bxc5 32. Bxc5 Rxc5 33. Nxe4 Rc2 34. Rg1
Kf8 35. Rg3 f5 36. f4 Ng4 37. Rgxd3 Rxd3 38. Rxd3 fxe4 39. Rd8+ Ke7 40. Rg8 Kf7
41. Rd8 Rxb2 42. a5 e3 43. Kg1 e2 44. Rd7+ Ke8 45. Kg2 e1=Q+ 46. Kf3 Nh2# 0-1

[Event "Challenge"]
[Site "http://www.queenalice.com/game.php?id=965784"]
[Date "2011.7.28"]
[Round "-"]
[White "pajabraba69"]
[Black "sivic79"]
[Result "1-0"]
[WhiteElo "1984"]
[BlackElo "1968"]

1. e4 e6 2. d4 d5 3. Nd2 Bb4 4. c3 Ba5 5. Qa4+ Nc6 6. e5 Bd7 7. Qc2 a6 8. Bd3 h6
9. Nb3 Bb6 10. g4 Nge7 11. Ne2 Na5 12. Nxa5 Bxa5 13. Bd2 Nc6 14. h4 Ne7 15.
O-O-O Bb6 16. Kb1 c5 17. dxc5 Bxc5 18. f4 Qb6 19. Rh3 Bb5 20. f5 exf5 21. gxf5
Bxd3 22. Qxd3 O-O-O 23. Be3 Bxe3 24. Rxe3 Kb8 25. Nd4 Rhg8 26. Rg3 Nc6 27. Nxc6+
Qxc6 28. Rg4 Qc7 29. Qg3 g5 30. hxg5 h5 31. Rgd4 f6 32. g6 fxe5 33. Rxd5 Rde8
34. Rd7 Qc6 35. Qh4 Qb6 36. f6 Rxg6 37. f7 Rc8 38. Qe7 1-0

[Event "Challenge"]
[Site "http://www.queenalice.com/game.php?id=965785"]
[Date "2011.7.28"]
[Round "-"]
[White "sivic79"]
[Black "pajabraba69"]
[Result "0-1"]
[WhiteElo "2011"]
[BlackElo "1977"]

1. d4 d5 2. Nc3 Nf6 3. e3 c5 4. dxc5 e5 5. Bb5+ Nc6 6. b4 a5 7. Bxc6+ bxc6 8.
Ba3 axb4 9. Bxb4 Bxc5 10. Bxc5 Qa5 11. Ne2 Qxc5 12. O-O Bg4 13. Qd2 O-O 14. h3
Bxe2 15. Nxe2 Ne4 16. f3 Nxd2 17. Rfd1 Qxe3+ 18. Kh1 Nxf3 19. Ng3 Qf4 20. Nf1
Nd4 21. c3 Nc2 22. Rac1 Ne3 23. Nxe3 Qxe3 24. Rc2 Ra3 25. Rdd2 Rxc3 26. Re2 Qd4
27. Rcd2 Rc1+ 28. Kh2 Qf4+ 29. g3 Qf1 30. g4 Qg1# 0-1

[Event "Let's Play Chess!"]
[Site "http://www.queenalice.com/game.php?id=987576"]
[Date "2011.9.20"]
[Round "-"]
[White "RodriguesL"]
[Black "sivic79"]
[Result "1-0"]
[WhiteElo "1425"]
[BlackElo "1998"]

1. e4 e6 2. e5 a6 3. d4 d5 4. Be3 Ne7 5. g3 Nf5 6. Bd3 Nxe3 7. fxe3 c5 8. dxc5
Bxc5 9. Qf3 Qa5+ 10. c3 Qb6 11. e4 Bxg1 12. Nd2 Qe3+ 13. Qxe3 Bxe3 14. Nb3 Bd7
15. exd5 exd5 16. h4 Nc6 17. Rh2 Bg4 18. Nd2 Nxe5 19. h5 Nxd3+ 20. Kf1 O-O 21.
Rh4 f5 22. h6 Bxd2 23. b4 Bxh6 24. a4 Bd2 25. Kg1 Bxc3 26. Ra3 Bd4+ 27. Kf1 Nxb4
28. a5 Nc2 29. Rb3 Rae8 30. Rxb7 Re1+ 31. Kg2 1-0

[Event "Let's Play Chess!"]
[Site "http://www.queenalice.com/game.php?id=987577"]
[Date "2011.9.20"]
[Round "-"]
[White "sivic79"]
[Black "RodriguesL"]
[Result "1-0"]
[WhiteElo "1996"]
[BlackElo "1440"]

1. d4 d5 2. Nc3 e6 3. e4 dxe4 4. Nxe4 Bd6 5. Nxd6+ Qxd6 6. Nf3 Nf6 7. Be3 O-O 8.
c3 Bd7 9. Bd3 Bc6 10. O-O Nbd7 11. h3 Bd5 12. c4 Bxf3 13. Qxf3 c5 14. d5 exd5
15. cxd5 Nxd5 16. Bc4 N5f6 17. Rad1 Qe5 18. b3 a6 19. Qxb7 a5 20. Qf3 a4 21. Bf4
Qe4 22. Qxe4 Nxe4 23. Rxd7 Nf6 24. Rc7 Nh5 25. Bd6 Rfc8 26. Bxf7+ Kh8 27. Bxh5
g6 28. Be5+ Kg8 29. Rg7+ Kh8 30. Rxg6# 1-0